00570nam a22001697a 450000500170000001000150001702000260003203500140005803700130007208200130008510000190009824501510011726000400026827000400030830000320034870000200038020171122150810.0 aENG-121567 a9789325984233c375.00 aEN-105099 bDBAD/PUB a621.3192 aSalivahanan, S aNetwork analysis and synthesis /cby S Salivahanan [and] s Pravin Kumarbfor third semester of electronics engineering and allied course of uptu / aNoidabVikas Publishing Housec2015 aE-28, Sector-8, bNoida(UP)e201301 axi,546p. :c25cm(pbk)bill. aKumar, S.Pravin